| 000 | 00453nam a2200169Ia 4500 | ||
|---|---|---|---|
| 008 | 230524s9999 xx 000 0 und d | ||
| 020 | _a9788120331914 | ||
| 082 |
_a4.16 _bKAN |
||
| 100 | _aKrishna Kant | ||
| 245 | 0 | _a"Microprocessors and Microcontrollers :Architecture, Programming and System Desig" | |
| 250 | _aIST | ||
| 260 |
_aNEW DELHI _bPHI _c2008 |
||
| 300 | _aXIV;728 | ||
| 500 | _aQuantity Number: 60 | ||
| 650 | _aComp-Sc | ||
| 942 | _cBK | ||
| 999 |
_c43642 _d43642 |
||